00562nam a2200241Ia 450000500170000000800460001702000180006303700100008104000080009104000080009904000080010704100080011504100080012308400080013110000170013924500210015624500450017726000230022226000090024536500050025436500080025985600530026720260324130041.0008 260324s9999 xx 000 0 eng d a9781315706504 aEBOOK aCRL beng cCRL 2eng aeng qCRL aJason Ripper 0aAmerican Stories 0bLiving American History: v. 2: From 1865 bTaylor and Francis c2008 a b200 uhttp://www.taylorfrancis.com/books/9781315706504